000 01544cam0 2200373 ib4500
001 BY-MI0021-br788359
005 20250812112359.0
010 ^a978-5-9951-5824-0
035 ^a(BY-MI0013)BY-MI0021-br788359
035 ^a(BY-MI0021)BY-MI0021-br788359
100 ^a20250430d2024 b y0rusy50 ca
101 0 ^arus
102 ^aRU
105 ^aa z 000fy
109 ^ama
200 1 ^aАришка-трусишка
^e[рассказ
^eдля детей дошкольного возраста]
^fВиталий Бианки
^gрисунки Т. Ерёминой
210 ^aМосква
^cСтрекоза
^d2024
215 ^a11, [1] с.
^cцв. ил.
^d29 см
225 1 ^aСерия "Семейные ценности. Книги нашего детства"
333 ^a0+
345 ^93000 экз.
606 ^aХУДОЖЕСТВЕННАЯ ЛИТЕРАТУРА
^3BY-NLB-ar37179
^2DVNLB
608 ^aДЕТСКАЯ И ЮНОШЕСКАЯ ЛИТЕРАТУРА (художеств. произведение)
^3BY-NLB-ar9019
^2BYGNR
608 ^aРАССКАЗ
^3BY-NLB-ar27475
^2BYGNR
686 ^a84
^2rubbk
690 ^a1
^2Base
^9BY-MI0013
^xRSEK
700 1 ^aБианки
^bВ. В.
^gВиталий Валентинович
^cписатель
^f1894—1959
^3BY-NLB-ar96230
702 1 ^aЕремина
^bТ.
^3BY-SEK-ar14890737
^4440
801 0 ^aBY
^bBY-MI0021
^c20250430
^gRCR
801 2 ^aBY
^bBY-MI0013
^c20250812
^gRCR
899 0 ^aBY-MI0013
^iБ59
^h84